Pokémons Chevaux - Statistiques

Statistiques générales
  • Ce quiz a été pris 109 fois
    96 depuis la dernière actualisation
  • Le résultat moyen est 8 sur 12
Statistiques - réponses
Hint Réponse % Correct
Gen 1 Ponyta
100%
Gen 8 Ponyta
100%
Gen 1 Galopa
98%
Gen 8 Galopa
98%
Gen 7 Tiboudet
72%
Gen 7 Bourrinos
68%
Gen 8 Blizzeval
55%
Gen 8 Spectreval
55%
Gen 5 Zébibron
52%
Gen 5 Zéblitz
51%
Gen 5 Keldeo
43%
Gen 4 Arceus
35%
Aucun quiz correspondant
Distribution des résultats
% des personnes avec chaque résultat
Percentile par nombre de réponses
Votre historique - résultats
Vous n’avez pas pris ce quiz depuis la dernière actualisation